00641nam a2200145Ia 4500008004100000050002400041100002900065245013100094260008600225300002800311521002300339942000700362999001900369952010700388140724s9999 xx 000 0 und d aPN 1993b.C236 2008 aCapada, Sachie Dalupang. a"Mga Kaluluwang Buhay" A video documentary of families living in Himlayang Palanyag public cemetery /cSachie Dalupang Capada. aLas Piñas, Philippines :bSouthville International School and Colleges,cc2008. a74 p. :bill. ;c28 cm. aMass Communication cTH c228879d228879 001040aCLbCLcTHESESd2014-07-24l0oPN 1993 .C236 2008pT0233r2018-05-15 00:00:00w2014-07-24yTH